000 00544cam a2200193 4500500
005 20260329002958.0
041 _afre
042 _adc
100 1 0 _aTenaillon, Nicolas
_eauthor
245 0 0 _aOedipe reine
260 _c2014.
500 _a75
690 _aDomination
690 _aMarcela Iacub
690 _aŒdipe
690 _aSade
786 0 _nPhilosophie magazine | 79 | 5 | 2014-05-01 | p. 73-75 | 1951-1787
856 4 1 _uhttps://shs.cairn.info/magazine-philosophie-magazine-2014-5-page-73?lang=fr&redirect-ssocas=7080
999 _c1820232
_d1820232